LIBRARY & INFORMATION CENTRE, KCAET, TAVANUR

ONLINE PUBLIC ACCESS CATALOGUE (OPAC)

Kabir aur jayasi ka mulyankan / (Record no. 8406)

MARC details
000 -LEADER
fixed length control field 00477cam a2200181ua 4500
041 ## - LANGUAGE CODE
Language code of text/sound track or separate title hin
082 ## - DEWEY DECIMAL CLASSIFICATION NUMBER
Classification number 891.54
Item number PUR/KA
100 ## - MAIN ENTRY--AUTHOR NAME
Personal name Purushotham chandra, Vajpey .
245 ## - TITLE STATEMENT
Title Kabir aur jayasi ka mulyankan /
250 ## - EDITION STATEMENT
Edition statement 2 /
260 ## - PUBLICATION, DISTRIBUTION, ETC. (IMPRINT)
Place of publication Varanasi :
Name of publisher Hindi Pracharak Pusthakalayam ,
Year of publication 1961.
300 ## - PHYSICAL DESCRIPTION
Number of Pages 99 ; .
942 ## - ADDED ENTRY ELEMENTS (KOHA)
Koha item type Books
Holdings
Withdrawn status Lost status Damaged status Home library Current library Date acquired Full call number Accession Number Koha item type
Withdrawn     Sanskrit University KAUAET 07/04/2012 891.54 9701 Books
free website counter